It looks like you're offline.
Open Library logo
additional options menu

MARC record from Internet Archive

LEADER: 06763cam 2200769 i 4500
001 ocn952195999
003 OCoLC
005 20220401103244.0
008 160621s2016 mau ob 001 0 eng
006 m o d
007 cr |||||||||||
010 $a 2016028868
040 $aDLC$beng$erda$epn$cDLC$dYDX$dYDXCP$dOCLCF$dOCLCO$dOCLCQ$dN$T$dIDEBK$dEBLCP$dUAB$dESU$dOCLCQ$dLEAUB$dOCLCQ$dUKSSU$dK6U$dOCLCO
019 $a965157776
020 $a9789004323513$q(electronic bk.)
020 $a9004323511$q(electronic bk.)
020 $z9789004323377$q(hardcover$qalkaline paper)
035 $a(OCoLC)952195999$z(OCoLC)965157776
042 $apcc
050 14 $aHD5861$b.V36 2016
072 7 $aBUS$x038000$2bisacsh
072 7 $aPOL$x013000$2bisacsh
082 00 $a331.12/8$223
100 1 $aVan Arsdale, David G.,$eauthor.
245 14 $aThe poverty of work :$bselling servant, slave and temporary labor on the free market /$cby David Van Arsdale.
264 1 $aLeiden ;$aBoston :$bBrill,$c[2016]
300 $a1 online resource (i, 213 pages)
336 $atext$btxt$2rdacontent
337 $acomputer$bn$2rdamedia
338 $aonline resource$bnc$2rdacarrier
490 1 $aStudies in critical social sciences ;$vvolume 90
504 $aIncludes bibliographical references and index.
588 0 $aOnline resource; title from digital title page (viewed on August 23, 2016).
505 0 $aThe Poverty of Work: Selling Servant, Slave and Temporary Labor on the Free Market; Copyright; Dedication; Contents; Preface; Acknowledgements; List of Figures and Tables; 1: A Perfect Marriage: Flexible Employment Standards and the Staffing Industry; Flexible Fields, Flexible Factories; The Globalization of Flexible Employment Standards; Non-corporate Employment Agencies; Corporate Employment Agencies; Aim of the Book; Organization and Methodology; 2: Inside Employment Agency Labor: Participant Observation Experiences; Anatomy of a Corporate Employment Agency.
505 8 $aGetting Hired, Demographics, Health RisksWaiting Rooms, Dispatch Anxiety, Low-Wages; The Dawn of Virtual Waiting Rooms; Dispatch from a Corporate Employment Agency; Waiting for Work; On a Ticket; The Revolving Door; "Why Don't You Get a Job Someplace Else?"; "Catch 22": Trapped in Temping; The Paradox of Flexible Labor; The Growth of Unregulated Hiring; Dispatch from a Non-corporate Employment Agency; Temping at the Food Factory; Temping at the Plastics Factory; 3: Exchange Alley: The Origins of Employment Agencies; A Labor of Investment Capitalism.
505 8 $aEarly Contradictions in At-Will Employment Relations: Registering Servants and MastersThe Privatization of Employment Agencies; Case Study: The Intelligence Office for Seamen; Growth and Competition among Intelligence Offices in London; Public Criticism of Employment Agencies in London; Adam Smith on Intelligence Offices; 4: From Slave Agency to Temporary Help: The Historical Development of Employment Agencies; The Labor Trade West of London; Marketing Racial and Ethnic Employment Statuses and the Limitation of Harriet Beecher Stowe's Theory on the Labor Trade.
505 8 $aThe Rise of Benevolent Intelligence OfficesThe Anti-slavery Intelligence Office; The Emigrant Depot Intelligence Office; Selling Bridget; Trafficking Women into Brothels; From Intelligence Office to Employment Agency; The Discontents of Employment Agency Labor; From Employment Agency to Temporary Help; Misrepresenting Intelligence Offices in North American Literary Rhetoric; 5: The Poverty of Work: Shifting from Jobs that Solved Poverty to Jobs that Make It; Returning to the Contemporary Labor Trade; The Changing Nature and Provisions of Work.
505 8 $aThe Production of the Idea of Work as Solution to PovertyThe Production of Poverty in Work; Selling the Unemployed as Leverage for Capital Gains; 6: Preventing the Reproduction of Deprived Employment Statuses among Temporary Laborers; The Pitfalls of Unregulated Triangular Employment Exchanges: Revising Stowe's Thesis on the Labor Trade; Solutions for Preventing Deprived Employment; Legislative Solutions; Community and Organized Labor Actions; Appendix; International Staffing Companies, Economic Overview; U.S. Staffing Companies, Economic Overview; Bibliography; Index.
520 $aIn The Poverty of Work , Van Arsdale goes inside the world of temping and discovers a type of work dreadfully insecure yet growing rapidly. Furthermore, through a comprehensive historiography, he illustrates how employment agencies moved from England to North America during the colonial period, where they sold workers into many deprived employment statuses, including indentured servitude and slavery. Van Arsdale contends that had the history of employment agencies been better understood, they would have likely been abolished with slavery, or at the very least, more tightly controlled by government. Today, left largely unregulated, employment agencies are powerful corporations generating astonishing revenue by selling flexible, on-demand temporary workers. Unfortunately, this labor is trapping millions in a cycle of unemployment, despair, and poverty.
650 0 $aEmployment agencies.
650 0 $aUnemployed.
650 0 $aTemporary employment.
650 0 $aPrecarious employment.
650 0 $aSlave labor.
650 7 $aBUSINESS & ECONOMICS$xLabor.$2bisacsh
650 7 $aPOLITICAL SCIENCE$xLabor & Industrial Relations.$2bisacsh
650 7 $aEmployment agencies.$2fast$0(OCoLC)fst00909331
650 7 $aPrecarious employment.$2fast$0(OCoLC)fst01749569
650 7 $aSlave labor.$2fast$0(OCoLC)fst01120393
650 7 $aTemporary employment.$2fast$0(OCoLC)fst01147485
650 7 $aUnemployed.$2fast$0(OCoLC)fst01161152
655 0 $aElectronic books.
655 4 $aElectronic books.
776 08 $iPrint version:$aVan Arsdale, David G.$tPoverty of work.$dLeiden ; Boston : Brill, [2016]$z9789004323377$w(DLC) 2016020963
830 0 $aStudies in critical social sciences ;$vv. 90.
856 40 $3Brill$uhttps://doi.org/10.1163/9789004323513
856 40 $3EBSCOhost$uhttps://search.ebscohost.com/login.aspx?direct=true&scope=site&db=nlebk&db=nlabk&AN=1587294
856 40 $3MyiLibrary$uhttp://www.myilibrary.com?id=1033540
856 40 $3ProQuest Ebook Central$uhttps://public.ebookcentral.proquest.com/choice/publicfullrecord.aspx?p=4750824
938 $aEBL - Ebook Library$bEBLB$nEBL4750824
938 $aEBSCOhost$bEBSC$n1587294
938 $aProQuest MyiLibrary Digital eBook Collection$bIDEB$ncis35059735
938 $aYBP Library Services$bYANK$n13104525
029 1 $aAU@$b000057812821
029 1 $aAU@$b000068937981
994 $aZ0$bP4A
948 $hHELD BY P4A - 944 OTHER HOLDINGS